| 000 | 00637cam a22002291 4500 | ||
|---|---|---|---|
| 999 |
_c5975 _d5975 |
||
| 001 | 9362577 | ||
| 003 | GBCCL | ||
| 005 | 20241126110553.0 | ||
| 008 | 770624s1960 xx 000 0 eng | ||
| 010 | _a 60012070 | ||
| 035 | _a(OCoLC)3068391 | ||
| 040 |
_aDLC _cOC _dOCoLC _dDLC |
||
| 050 | 0 | 0 |
_aBX8333.C5 _bC7 |
| 082 |
_a252 _bCHA |
||
| 100 | 1 |
_aChappell, Clovis Gillham _d1882-1972. _98989 |
|
| 245 | 1 | 4 |
_aThe cross before Calvary / _cClovis G. Chappell |
| 260 |
_aNew York: _bAbingdon Press, _c[1960] |
||
| 300 |
_a62 p. _c19 cm. |
||
| 650 | 0 |
_aSermons _y20th century. _910789 |
|
| 650 | 0 |
_aMethodist Church _910790 |
|
| 942 |
_2ddc _cBK |
||